| 000 | 00765nam a2200205Ia 4500 | ||
|---|---|---|---|
| 999 |
_c39681 _d39681 |
||
| 001 | 6284 | ||
| 003 | GE_BSU | ||
| 005 | 20190610182420.0 | ||
| 008 | 181216s1966||||ge |||||||||||||| ||geo|| | ||
| 040 | _cGE_BSU | ||
| 080 | _a744(075.8) კ-18 | ||
| 100 |
_aკალანდაძე, ქ. _91622 |
||
| 245 |
_aგეგმილური ხაზვა : _bსახელმძღვ. / _cკალანდაძე, ქ. ; რედ. ს.ბურჭულაძე. |
||
| 264 |
_aთბიკისი : _bგანათლება, _c1966. |
||
| 300 |
_a126 გვ. : _bილ. ; _c20 სმ. |
||
| 653 | _aგეგმილური ხაზვა | ||
| 653 | _aხაზვა | ||
| 700 |
_aბურჭულაძე, ს. _92257 |
||
| 942 |
_cBK _2udc |
||